| 000 | 00800nam a2200229 i 4500 | ||
|---|---|---|---|
| 001 | 104895 | ||
| 003 | ES-MaACL | ||
| 005 | 20251207155358.0 | ||
| 007 | t| | ||
| 008 | 060523s1953 fr ||||1| fre d | ||
| 080 | _a811.14'367.7 | ||
| 100 | 1 |
_aDelotte, André. _943575 |
|
| 245 | 1 | 3 |
_aLe verbe grec _b: expliqué par la grammaire historique avec un tableau des verbes irréguliers / _cAndré Delotte. |
| 260 |
_aParis : _bC. Klincksieck, _c1953. |
||
| 300 |
_a77 p. ; _c21 cm. |
||
| 490 | 1 |
_aNouvelle collection áa l'usage des classes ; _v39 |
|
| 500 | _aBiblioteca Jacinto Martínez Lacalle. | ||
| 650 | 1 | 4 |
_aLengua griega- _xVerbo. _914253 |
| 830 | 0 |
_aNouvelle collection à l'usage des classes _v39 _9188199 |
|
| 852 |
_aES-MaACL _jE-11224 _bR.138924 |
||
| 999 |
_c104895 _d104895 |
||